=LDR 00000nam 2200000 4500 =001 INLIS000000000011010 =005 20130612102622 =008 ***********************************Ind** =035 ##$$0010-061300000011010 =041 ##$$a Ind =082 ##$$a 666 =090 ##$$a 666, Har-m =100 ##$$a Hartomo, Anton J =245 ##$$a Mengenal keramik canggih, cerdas dan Biokeramik, Anton J Hartono =260 ##$$a 1992 $b Yogyakarta =300 ##$$a xviii, 200 hlm 116 ilus, 27 cm =650 ##$$a Keramik =850 ##$$a NBPNMAT